| 000 | 00564nam a22001817a 4500 | ||
|---|---|---|---|
| 008 | 160527b xxu||||| |||| 00| 0 eng d | ||
| 020 | _a9719218525 | ||
| 082 |
_22000 _aDFil 516.24 _bL88 |
||
| 100 |
_99439 _aLoquinte, Dioscoro M. |
||
| 245 |
_aPlane trigonometry/ _cDioscoro M. Loquinte |
||
| 250 | _aEditio 2000 | ||
| 260 |
_aCagayan De Oro City: _bMPSC Publishing House, _cc2000. |
||
| 300 |
_a179 pages: _billustrations; _c25.5 cm. |
||
| 500 | _aInclude index. | ||
| 650 | 0 |
_99443 _aTrigonometry |
|
| 700 |
_99445 _aTarepe, Dennis A. _eAuthor |
||
| 942 |
_2ddc _cDFIL |
||
| 999 |
_c2841 _d2841 |
||